| Tag |
First Indicator |
Second Indicator |
Subfields |
| LEADER |
00000cam a2200000 a 4500 |
| 001 |
in00001403210 |
| 005 |
20230518212728.2 |
| 008 |
980121s1997 wau 101 0 eng d |
| 020 |
|
|
|a 0819425672
|
| 035 |
|
|
|a (OCoLC)38237659
|
| 035 |
|
|
|9 AHN0758AM
|
| 040 |
|
|
|a CUS
|c CUS
|d TXA
|d UtOrBLW
|
| 049 |
|
|
|a TXAM
|
| 090 |
|
|
|a QD381.9.E38
|b O69 1997
|
| 245 |
0 |
0 |
|a Optical probes of conjugated polymers :
|b 28-30 July 1997, San Diego, California /
|c Z. Valy Vardeny, Lewis J. Rothberg, chairs/editors ; sponsored ... by SPIE--the International Society for Optical Engineering.
|
| 264 |
|
1 |
|a Bellingham, Wash., USA :
|b SPIE,
|c [1997]
|
| 264 |
|
4 |
|c ©1997
|
| 300 |
|
|
|a x, 548 pages :
|b illustrations (some color) ;
|c 28 cm.
|
| 336 |
|
|
|a text
|b txt
|2 rdacontent
|
| 337 |
|
|
|a unmediated
|b n
|2 rdamedia
|
| 338 |
|
|
|a volume
|b nc
|2 rdacarrier
|
| 490 |
1 |
|
|a Proceedings / SPIE--the international society for optical engineering ;
|v v. 3145
|
| 504 |
|
|
|a Includes bibliographical references and index.
|
| 650 |
|
0 |
|a Polymers
|x Electric properties
|v Congresses.
|
| 650 |
|
0 |
|a Polymers
|x Optical properties
|v Congresses.
|
| 650 |
|
0 |
|a Photoelectron spectroscopy
|x Congresses.
|
| 700 |
1 |
|
|a Vardeny, Z. V.
|
| 700 |
1 |
|
|a Rothberg, Lewis Josiah.
|
| 710 |
2 |
|
|a Society of Photo-optical Instrumentation Engineers.
|
| 830 |
|
0 |
|a Proceedings of SPIE--the International Society for Optical Engineering ;
|v v. 3145.
|
| 856 |
4 |
1 |
|u https://www.spiedigitallibrary.org/conference-proceedings-of-SPIE/3145.toc
|t 0
|
| 999 |
|
|
|a MARS
|
| 999 |
f |
f |
|s 35123bce-f961-37c4-8fe2-a11445b1ee6c
|i df056e4a-7153-373d-b5c5-234481513b42
|t 0
|
| 952 |
f |
f |
|p ric
|a Texas A&M University
|b Rellis Campus
|c Joint Library Facility
|d Remote Storage
|t 0
|e QD381.9.E38 O69 1997
|h Library of Congress classification
|i unmediated -- volume
|m A14822132359
|
| 998 |
f |
f |
|a QD381.9.E38 O69 1997
|t 0
|l Remote Storage
|